00290nam a2200133Ia 4500003000400000005001700004008004100021020001800062040000900080100002300089245001700112260001800129260000900147OSt20231215092835.0170524s9999 xx 000 0 und d a81-7391-235-1 ciimt aRai Harish Chandra 0aHill Tourism bKanishka Pub. c1998